logo

Bir Sreshtho Munshi Abdur Rouf Library
Jhenaidah Cadet College

The Reformation: material or spiritual? / (Record no. 7200)

MARC details
000 -LEADER
fixed length control field 00645cam a22002411 4500
001 - CONTROL NUMBER
JCCL Control Number 7200
003 - CONTROL NUMBER IDENTIFIER
JCCL marc code BD-JhCC
005 - DATE AND TIME OF LATEST TRANSACTION
control field 20180422184052.0
008 - FIXED-LENGTH DATA ELEMENTS--GENERAL INFORMATION
fixed length control field 730109s1962 mau 000 0 eng
035 ## - SYSTEM CONTROL NUMBER
system control number (BD-JhCC)7200
040 ## - CATALOGING SOURCE
Original cataloging agency DLC
Transcribing agency DLC
Modifying agency DLC
-- (BD-JhCC)
041 ## - LANGUAGE CODE
Language code of Book eng
050 00 - LIBRARY OF CONGRESS CALL NUMBER
Classification number CB359
Item number .S65
082 ## - DEWEY DECIMAL CLASSIFICATION NUMBER
Author mark and Year SPI 1962
Classification number 940.23
100 1# - MAIN ENTRY--PERSONAL NAME
Personal name Spitz, Lewis William,
Dates associated with a name 1922-
245 14 - TITLE STATEMENT
Title The Reformation: material or spiritual? /
Statement of responsibility, etc Spitz, Lewis William,
260 ## - PUBLICATION, DISTRIBUTION, ETC. (IMPRINT)
Place of publication, distribution, etc Boston,
Name of publisher, distributor, etc Heath
Date of publication, distribution, etc [1962]
300 ## - PHYSICAL DESCRIPTION
Pagination 104 p.
Dimensions 24 cm.
490 0# - SERIES STATEMENT
Series statement Problems in European civilization
650 #0 - SUBJECT ADDED ENTRY--TOPICAL TERM
Topical term or geographic name as entry element Reformation.
942 ## - ADDED ENTRY ELEMENTS (KOHA)
Source of classification or shelving scheme Dewey Decimal Classification
Koha item type Books
Holdings
Source of classification or shelving scheme Damaged status Not for loan Home library Current library Shelving location Date of accession Total Checkouts Full call number Barcode Date last seen Copy number Koha item type
Dewey Decimal Classification     JCC Rouf Library JCC Rouf Library General Stacks 04/22/2018   940.23 SPI 1962 9807 02/06/2018 C - 1 Books

JCC Library | Contacts | JCC Home

Last Update on 23 September 2017
Copyright @ 2017-2020 JCC Rouf Library
Rouf Library, Jhenidah Cadet College (JCC), Bangladesh